000 00831nam a22002297a 4500
999 _c64374
_d64374
005 20240530110728.0
008 180429s2009 ua a g b 000 0 ara d
017 _a2008/24639
_bمصر. دار الكتب
020 _a9789776276536
040 _aEG-CaGPL
_cEG-CaGPL
082 0 4 _221
_a004.678 \
_bع إ
100 0 _aعلياء سامى عبدالفتاح
245 1 2 _aالانترنت والشباب :
_bدراسة فى اليات التفاعل الاجتماعى /
_cعلياء سامى عبدالفتاح .
250 _aط.1
260 _aالقاهرة :
_bدار العالم العربى ،
_c2009 .
300 _a176 ص. ؛
_c24 سم.
650 0 7 _2qrmak
_aالحاسبات الالكترونية
650 0 7 _2qrmak
_aالانترنت
651 _2qrmak
700 0 _aعلاء حمدان
942 _2ddc
_cBK